zpět

Detail výsledku týmu

Dno pytle - Vinohrady, Praha

Datum a čas kvízu

36.5 Celkem bodů Celkový počet nahraných bodů na tomto kvízu bez doplňovacích otázek.
6. Pořadí na kvízu Konečné umístění týmu na tomto kvízu.

Zaznamenané odpovědi

# Otázka Odpověď Body Výsledky
1. Minulý týden se v Praze konal... půllitry s pivem 1
2. Minulé pondělí byly oznámeny k... Moldavsko (Moldávie) 1
3. Minulé pondělí bylo oznámeno p... Simpsonovi ve filmu 0
4. Minulý týden bylo oznámeno, že... Electronic Arts (EA) 0
5. Nejvyšší česká fotbalová liga... FC Viktoria Plzeň, FK Pardubice 0.5
6. Wikipedii s nejvyšší pravděpod... z havajštiny 1
7. Fanoušci kvízu občas jistě se... D 0
8. Dobrým zdrojem informací jsou... Michal Suchánek, Richard Genzer 0
9. Mnemotechnické pomůcky se hodí... struny na kytaře (pořadí strun/tónů) 0
10. Někdy však k úspěchu v kvízu s... 1D 2C 3A 4B 1